| 000 | 00664nam a2200193 a 4500 | ||
|---|---|---|---|
| 005 | 20240215063624.0 | ||
| 008 | 991125s1977 mx 000 0 spa u | ||
| 035 | _aUPN01000037575 | ||
| 049 | _aCG | ||
| 050 | 4 |
_aB809.8 _bL4.48a |
|
| 100 | 1 |
_aLenin, Vladimir Ilich, _d1870-1924 |
|
| 245 | 1 | 0 |
_aMaterialismo y empiriocriticismo : _bnotas críticas sobre una filosofía reaccionaria / _cLenin ; redactor responsable V. Uribes. |
| 260 |
_aMéxico : _bCultura Popular ; _aMoscú : _bProgreso, _c1977. |
||
| 300 | _a421 p. | ||
| 600 | 1 | 4 |
_aMARX, KARL, _d1818-1883 |
| 650 | 4 |
_aTeoría del conocimiento _91707 |
|
| 650 | 4 |
_aMaterialismo dialéctico _94555 |
|
| 905 | _aLibro | ||
| 999 |
_c37575 _d37575 |
||